Politics and the histories of international law: the quest for knowledge and justice
What are the implications of writing the history of legal issues? Eighteen authors from different legal systems and backgrounds offer different answers, by examining the history writing on issues ranging from slavery over the use of force to extraterritorial jurisdiction. Contributions show how hist...
Saved in:
| Other Authors: | , |
|---|---|
| Format: | Edited Volume |
| Language: | English |
| Published: |
Leiden Boston
Brill Nijhoff
[2020-2021]
|
| Series: | Legal history library
volume 50 Legal history library / Studies in the history of international law volume 18 |
| In: |
Legal history library (volume 50)
|
| Volumes / Articles: | Show Volumes / Articles. |
| Subjects: | |
| Online Access: |
|
| Author Notes: | edited by Raphael Schäfer und Anne Peters |
MARC
| LEADER | 00000cam a2200000 c 4500 | ||
|---|---|---|---|
| 001 | 1752665899 | ||
| 003 | DE-627 | ||
| 005 | 20241106231702.0 | ||
| 007 | tu | ||
| 008 | 210329s2021 ne ||||| 00| ||eng c | ||
| 020 | |a 9789004461796 |9 978-90-04-46179-6 | ||
| 024 | 3 | |a 9789004461796 | |
| 035 | |a (DE-627)1752665899 | ||
| 035 | |a (DE-599)KXP1752665899 | ||
| 035 | |a (OCoLC)1268126129 | ||
| 040 | |a DE-627 |b ger |c DE-627 |e rda | ||
| 041 | |a eng | ||
| 044 | |c XA-NL |c XD-US | ||
| 050 | 0 | |a K540-5570 | |
| 072 | 7 | |a LAW 060000 |2 bisacsh | |
| 072 | 7 | |a LAZ |2 bicssc | |
| 082 | 0 | |a 341 | |
| 084 | |a 19 |2 sdnb | ||
| 084 | |a 19 |2 sdnb | ||
| 084 | |a INTRECHT |q DE-1a |2 fid | ||
| 084 | |a 86.84 |2 bkl | ||
| 084 | |a 86.01 |2 bkl | ||
| 245 | 0 | 0 | |a Politics and the histories of international law |b the quest for knowledge and justice |c edited by Raphael Schäfer und Anne Peters |
| 264 | 1 | |a Leiden |a Boston |b Brill Nijhoff |c [2020-2021] | |
| 300 | |a XI, 501 Seiten | ||
| 336 | |a Text |b txt |2 rdacontent | ||
| 337 | |a ohne Hilfsmittel zu benutzen |b n |2 rdamedia | ||
| 338 | |a Band |b nc |2 rdacarrier | ||
| 490 | 1 | |a Legal history library |v volume 50 |a Studies in the history of international law |v volume 18 | |
| 520 | |a What are the implications of writing the history of legal issues? Eighteen authors from different legal systems and backgrounds offer different answers, by examining the history writing on issues ranging from slavery over the use of force to extraterritorial jurisdiction. Contributions show how historiography has often distorted or neglected regional cultures and suggest alternative methods and approaches to history writing. These studies are highly relevant for current international relations in which the fight over master narratives is especially fierce among governments, in different academic fields, and also between governments and academics | ||
| 655 | 7 | |a Aufsatzsammlung |0 (DE-588)4143413-4 |0 (DE-627)105605727 |0 (DE-576)209726091 |2 gnd-content | |
| 689 | 0 | 0 | |d s |0 (DE-588)4063693-8 |0 (DE-627)106126946 |0 (DE-576)209149892 |a Völkerrecht |2 gnd |
| 689 | 0 | 1 | |d s |0 (DE-588)4046514-7 |0 (DE-627)104152206 |0 (DE-576)209069945 |a Politik |2 gnd |
| 689 | 0 | |5 (DE-627) | |
| 700 | 1 | |a Schäfer, Raphael |d 1988- |e HerausgeberIn |0 (DE-588)1160108501 |0 (DE-627)1023261812 |0 (DE-576)505523272 |4 edt | |
| 700 | 1 | |a Peters, Anne |d 1964- |e HerausgeberIn |0 (DE-588)138924198 |0 (DE-627)607399015 |0 (DE-576)308844661 |4 edt | |
| 776 | 1 | |z 9789004461802 |c e-book | |
| 776 | 0 | 8 | |i Erscheint auch als |n Online-Ausgabe |t Politics and the histories of international law |d Leiden : Brill Nijhoff, 2021 |h 1 Online-Ressource (XI, 501 Seiten) |w (DE-627)1771850191 |z 9789004461802 |
| 830 | 0 | |a Legal history library |v volume 50 |9 51 |w (DE-627)585501165 |w (DE-576)283335599 |w (DE-600)2464129-7 |7 am | |
| 830 | 0 | |a Legal history library / Studies in the history of international law |v volume 18 |9 18 |w (DE-627)654587914 |w (DE-576)340129336 |w (DE-600)2600602-9 |7 am | |
| 936 | b | k | |a 86.84 |j Völkerrecht: Allgemeines |0 (DE-627)106403982 |
| 936 | b | k | |a 86.01 |j Geschichte der Rechtswissenschaft |0 (DE-627)106414747 |
| 951 | |a BO | ||
| 990 | |a Geschichte | ||
| 990 | |a Politik | ||
| 990 | |a Völkerrecht | ||
| 992 | |a 20220704 | ||
| 993 | |a Book | ||
| 998 | |g 138924198 |a Peters, Anne |m 138924198:Peters, Anne |d 20000 |e 20000PP138924198 |k 0/20000/ |p 2 |y j | ||
| 998 | |g 1160108501 |a Schäfer, Raphael |m 1160108501:Schäfer, Raphael |d 20000 |d 20001 |e 20000PS1160108501 |e 20001PS1160108501 |k 0/20000/ |k 1/20000/20001/ |p 1 |x j | ||
| 999 | |a KXP-PPN1752665899 |e 4161097395 | ||
| BIB | |a Y | ||
| SPR | |a Y | ||
| JSO | |a {"title":[{"subtitle":"the quest for knowledge and justice","title_sort":"Politics and the histories of international law","title":"Politics and the histories of international law"}],"recId":"1752665899","relMultPart":[{"dispAlt":"Legal history library","physDesc":[{"noteFormat":"25 cm"}],"recId":"585501165","title":[{"title_sort":"Legal history library","title":"Legal history library"}],"id":{"zdb":["2464129-7"],"eki":["585501165"]},"part":{"number":["volume 50"],"number_sort":["51"]},"language":["eng"],"type":{"bibl":"serial"},"titleAlt":[{"title":"LHL"}],"disp":"Legal history library","origin":[{"publisherPlace":"Leiden ; Boston, Mass. ; Leiden [u.a.] ; Leiden ; Boston, Mass.","dateIssuedDisp":"2008-","publisher":"Brill Nijhoff ; Martinus Nijhoff Publishers ; Nijhoff","dateIssuedKey":"2008"}],"pubHistory":["1.2008 -"]},{"language":["eng"],"id":{"zdb":["2600602-9"],"eki":["654587914"]},"part":{"number":["volume 18"],"number_sort":["18"]},"type":{"bibl":"serial"},"disp":"Legal history library","titleAlt":[{"title":"Legal history library / Studies in the history of international law"}],"origin":[{"dateIssuedDisp":"2011-","publisherPlace":"Leiden ; Boston, Mass.","dateIssuedKey":"2011","publisher":"Nijhoff"}],"pubHistory":["1.2011 -"],"physDesc":[{"noteFormat":"25 cm"}],"dispAlt":"Legal history library / Studies in the history of international law","recId":"654587914","title":[{"title":"Legal history library","partname":"Studies in the history of international law","title_sort":"Legal history library"}]}],"origin":[{"publisher":"Brill Nijhoff","dateIssuedKey":"2021","publisherPlace":"Leiden ; Boston","dateIssuedDisp":"[2020-2021]"}],"person":[{"role":"edt","given":"Raphael","family":"Schäfer","display":"Schäfer, Raphael"},{"family":"Peters","given":"Anne","display":"Peters, Anne","role":"edt"}],"physDesc":[{"extent":"XI, 501 Seiten"}],"type":{"bibl":"edited-book"},"name":{"displayForm":["edited by Raphael Schäfer und Anne Peters"]},"language":["eng"],"id":{"eki":["1752665899"],"isbn":["9789004461796"]}} | ||
| SRT | |a POLITICSAN2020 | ||